सी. एस. आई. आर.-नेट/ (Record no. 211607)

MARC details
000 -LEADER
fixed length control field 00797nam a22001937a 4500
005 - DATE AND TIME OF LATEST TRANSACTION
control field 20250606113200.0
010 ## - LCCN (DPL NO)
LC control number HIN-129774
020 ## - INTERNATIONAL STANDARD BOOK NUMBER
International Standard Book Number 9789390749744
Terms of availability 450.00
035 ## - SYSTEM CONTROL NUMBER
System control number HN-102120
037 ## - SOURCE OF ACQUISITION
Source of stock number/acquisition DBAD
082 ## - DEWEY DECIMAL CLASSIFICATION NUMBER
Classification number 540
100 ## - MAIN ENTRY--PERSONAL NAME
Personal name वर्गीस, क्रिस्टी
245 ## - TITLE STATEMENT
Title सी. एस. आई. आर.-नेट/
Remainder of title
Statement of responsibility, etc क्रिस्टी वर्गीस
250 ## - EDITION STATEMENT
Edition statement भाग- A
260 ## - PUBLICATION, DISTRIBUTION, ETC. (IMPRINT)
Place of publication, distribution, etc जोधपुर
Name of publisher, distributor, etc साइंटिफिक पब्लिशर्स
Date of publication, distribution, etc 2022
270 ## - ADDRESS
Address 5-ए, न्यू पाली रोड, पोस्ट बॉक्स नं. 91
City जोधपुर
Postal code 342001
300 ## - PHYSICAL DESCRIPTION
Extent 661पृ.
Dimensions 24सेमी (अजिल्द )
942 ## - ADDED ENTRY ELEMENTS (KOHA)
Source of classification or shelving scheme Dewey Decimal Classification
Item type Hindi Books
Classification part 540
Call number prefix
Call number suffix वर्गीस
Holdings
Withdrawn status Lost status Not for loan Collection code Home library Current library Date acquired Source of acquisition Cost, normal purchase price Full call number Barcode Copy number Cost, replacement price Koha item type
      Non-fiction Sarojini Nagar Sarojini Nagar 05/06/2025 DBAD 450.00 540 क्रिस्टीव HN-102120 1 450.00 Hindi Books

© Delhi Public Library
Hit Counter
free hit counter